Largest Cities that Contain the Letter Z - Statistics

General Stats
  • This quiz has been taken 226 times
  • The average score is 10 of 20
Answer Stats
Population City % Correct
65,100,000 Guangzhou
94%
2,175,000 La Paz
89%
2,425,000 Brazzaville
82%
2,075,000 Gaza
82%
3,075,000 Izmir
81%
5,100,000 Belo Horizonte
77%
3,750,000 Fortaleza
73%
12,500,000 Hangzhou
70%
8,950,000 Zhengzhou
69%
2,250,000 Santa Cruz
56%
4,450,000 Fuzhou
53%
5,050,000 Wenzhou
47%
3,325,000 Lanzhou
31%
3,725,000 Zibo
31%
5,750,000 Shijiazhuang
27%
3,050,000 Xuzhou
21%
2,275,000 Liuzhou
13%
2,475,000 Taizhou
12%
2,125,000 Yangzhou
12%
2,325,000 Zhuhai
12%
No matching quizzes found
Score Distribution
Percent of People with Each Score
Percentile by Number Answered
Your Score History
You have not taken this quiz